Online Catalogue and eLibrary

The Bracegirdle affair : (Record no. 594)

MARC details
000 -LEADER
fixed length control field 00615cam a22001934a 4500
001 - CONTROL NUMBER
control field 14252402
005 - DATE AND TIME OF LATEST TRANSACTION
control field 20240321070942.0
008 - FIXED-LENGTH DATA ELEMENTS--GENERAL INFORMATION
fixed length control field 060203s1998 ii af b 000 0deng
020 ## - INTERNATIONAL STANDARD BOOK NUMBER
ISBN 9559528459
040 ## - CATALOGING SOURCE (பட்டியலாக்க மூலம்)
Original cataloging agency DLC
Transcribing agency DLC
082 ## - DDC Classification
DDC Edition Number 22
Class No. 324.2.
Item Number - Author Mark THE.
245 04 - TITLE STATEMENT
Title The Bracegirdle affair :
Remainder of title an episode in the history of the Lanka Sama Samaja Party /
Statement of responsibility, etc. edited by Wesley S. Muthiah and Sydney Wanasinghe.
260 ## - PUBLICATION, DISTRIBUTION, ETC.
Place of publication, distribution, etc. Colombo :
Name of publisher, distributor, etc. Young Socialist Publication,
Date of publication, distribution, etc. 1997.
300 ## - PHYSICAL DESCRIPTION
Extent (e.g. Volumes, Pages etc.) x, 576 p.,
650 #0 - SUBJECT ADDED ENTRY--TOPICAL TERM
Topical term or geographic name entry element Trials (Sedition)
700 1# - ADDED ENTRY--PERSONAL NAME
Personal name Muthiah, Wesley S.
Relator term (Role) Editor
700 1# - ADDED ENTRY--PERSONAL NAME
Personal name Wanasinghe, Sydney.
Relator term (Role) Editor
942 ## - Koha item type (Biblio)
Koha item type Books in Stacks (Lending)
Holdings
Lost status Damaged status Collection code Home library Current library Date acquired Full call number Accession Number Item type
    Lending WERC Library WERC Library 03/21/2024 324.2. THE. 2564 Books in Stacks (Lending)

© WERC Library